Пегасик: сказочное правдивое повествование о некоторых событиях из жизни нескольких людей, летучей солонки, читающего воробья, неукротимой кошки, а также о безделушках и многом другом

Dades bibliogràfiques
Autor principal: Шкаликов В. В. Владимир Владимирович
Altres autors: Бельчикова Т. М. (иллюстратор)
Idioma:rus
Publicat: Томск, Томское книжное издательство, 1987
Matèries:
Format: MixedMaterials Llibre
KOHA link:https://koha.lib.tpu.ru/cgi-bin/koha/opac-detail.pl?biblionumber=153952

MARC

LEADER 00000nam0a2200000 4500
001 153952
005 20231031151624.0
020 |a RU  |b 88-2516 
035 |a (RuTPU)RU\TPU\book\167002 
090 |a 153952 
100 |a 20090219d1987 dm y0rusy5003 ca 
101 0 |a rus 
102 |a RU 
105 |a a z 000ay 
200 1 |a Пегасик  |e сказочное правдивое повествование о некоторых событиях из жизни нескольких людей, летучей солонки, читающего воробья, неукротимой кошки, а также о безделушках и многом другом   |f В. В. Шкаликов  |g худож. Т. М. Бельчикова 
210 |a Томск  |c Томское книжное издательство  |d 1987 
215 |a 174,[2] с.  |c цв. ил.  |d 20 см 
610 1 |a Сказки русские советские 
610 1 |a детская литература 
675 |a Р2  |z rus 
700 1 |a Шкаликов  |b В. В.  |c русский писатель  |f 1943-  |g Владимир Владимирович  |2 stltpush  |3 (RuTPU)RU\TPU\pers\13182 
702 1 |a Бельчикова  |b Т. М.  |4 440 
801 0 |a RU  |b RuMRKP  |c 19950417  |g psbo 
801 1 |a RU  |b 63413507  |c 20090219  |g PSBO 
801 2 |a RU  |b 63413507  |c 20090219  |g PSBO 
942 |c BK